000 00727nam a2200289Ia 4500
005 20260324115811.0
008 008 260324s9999 xx 000 0 eng d
020 _a9780429157103
037 _aEBOOK
040 _aCRL
040 _beng
040 _cCRL
041 _2eng
041 _aeng
084 _qCRL
100 _aHolly A. Duckworth; Andrea Hoffmeier
_91156062
245 2 _aA Six Sigma Approach to Sustainability
245 0 _bContinual Improvement for Social Responsibility
260 _bTaylor and Francis
260 _c2016
365 _a
365 _b195
856 _uhttp://www.taylorfrancis.com/books/9780429157103
942 _cEBOOK
999 _c1747195
_d1747195